2016 Notable Deaths - Statistics

General Stats
  • This quiz has been taken 21 times
    15 since last reset
  • The average score is 9 of 16
Answer Stats
Hint Answer % Correct
English singer. Part of the duo Wham! Sung “Careless Whisper”. George Michael
91%
Famous boxer. Muhammad Ali
91%
American actress. Voice of Princess Leia in “Star Wars”. Carrie Fisher
82%
Dictator of Cuba. There were over 200 assassination attempts failed on him. Never successfully assassinated. Fidel Castro
82%
Famous First Lady. Was married to Ronald. Nancy Reagan
73%
English singer. Sung “Space Oddity” and “Under Pressure”. David Bowie
64%
Invented a lifesaving maneuver to give someone when they are choking. Maneuver named after inventor. Henry Heimlich
64%
American actress. Mother of Carrie. Debbie Reynolds
55%
US actor who starred in “Blazing Saddles” and “Young Frankenstein”. Gene Wilder
55%
Wrote “To Kill A Mockingbird”. Harper Lee
55%
American singer. Sung “I Wanna Be Your Lover” and “Raspberry Beret”. Prince
55%
Famous golfer. An iced tea is named after him and was made famous by him. Arnold Palmer
45%
Was a Nobel prizewinning author. Survivor of the Holocaust. Wrote “Night”. Elie Wiesel
36%
First American to orbit the Earth. John Glenn
36%
Hungarian actress. Starred in “The Fresh Prince of Bel Air” and “Touch of Evil”. Zsa Zsa Gabor
36%
Academy Award winning actress. She starred in “The Miracle Worker”. Patty Duke
18%
No matching quizzes found
Score Distribution
Percent of People with Each Score
Percentile by Number Answered
Your Score History
You have not taken this quiz since the last reset